| 000 | 00888nam a2200241 a 4500 | ||
|---|---|---|---|
| 001 | 000016666 | ||
| 005 | 20250703095052.0 | ||
| 008 | 100308k19421946sp a 000 0 spa d | ||
| 040 |
_aDO-SdBNP _bspa _cBNPHU |
||
| 082 |
_a320.1 _bS112i |
||
| 100 | 1 |
_aSaavedra Fajardo, Diego de, _d1584-1648 _98004 |
|
| 245 | 1 | 0 |
_aIdea de un príncipe político-cristiano : _brepresentada en cien empresas / _cSaavedra Fajardo; edición y notas Vicente García de Diego. |
| 260 |
_aMadrid : _bEspasa-Calpe, _c1942-1946. |
||
| 300 |
_a4 v. : _bil. ; _c18 cm. |
||
| 490 | 1 |
_aClásicos castellanos _v76, 81, 87, 102 |
|
| 500 | _aIncluye notas al pie de las páginas | ||
| 650 | 0 |
_aCiencia política _95772 |
|
| 650 | 0 |
_aÉtica política _91332 |
|
| 700 | 1 |
_aGarcía de Diego, Vicente, _d1878-1978, _ced. _936022 |
|
| 830 | 0 |
_aClásicos Castellanos ; _v76, 81, 87, 102 _94180 |
|
| 910 | _aWM | ||
| 049 | _aBNPD | ||
| 999 |
_c16199 _d16199 |
||